Sociología y subdesarrollo
Gorde:
| Egile nagusia: | |
|---|---|
| Formatua: | Texto |
| Argitaratua: |
México, D.F:
Nuestro Tiempo
|
| Edizioa: | 6 |
| Etiketak: |
Etiketa erantsi
Etiketarik gabe, Izan zaitez lehena erregistro honi etiketa jartzen!
|
MARC
| LEADER | 00000 a a2200000 04500 | ||
|---|---|---|---|
| 001 | 25542 | ||
| 003 | |||
| 040 | |||
| 020 | |a 968-427-038-0 | ||
| 090 | |a 154505 | ||
| 100 | |a Stavenhagen, Rodolfo | ||
| 245 | |a Sociología y subdesarrollo | ||
| 250 | |a 6 | ||
| 260 | |a México, D.F: |b Nuestro Tiempo | ||
| 300 | |a 234 p |b **no definido** | ||
| 999 | |c 5508 |d 5508 | ||



